000 01269 a2200241 4500
999 _c8271
_d8271
020 _a0073534534
050 0 0 _aD 20 BEN 2009
100 1 _aBentley, Jerry H.,
_d1949-2012.
_eauthor
245 1 0 _aTraditions & encounters :
_ba brief global history /
_cJerry H. Bentley, Herbert F. Ziegler, Heather E. Streets.
264 _aBoston :
_bMcGraHill
_c2009
300 _a675p.:
_bill. (chiefly col.), col. maps ;
500 _aIncludes bibliographical references and indexes.
504 _aIncludes bibliographical references and indexes.
650 0 _aWorld history
650 0 _aIntercultural communication
_xHistory
700 1 _aZiegler, Herbert F.,
_d1949-
_eauthor
700 1 _aStreets-Salter, Heather.
_eauthor
856 4 1 _3Table of contents only
_uhttp://www.loc.gov/catdir/enhancements/fy0713/2007273817-t.html
856 4 2 _3Publisher description
_uhttp://www.loc.gov/catdir/enhancements/fy0713/2007273817-d.html
856 4 2 _3Contributor biographical information
_uhttp://www.loc.gov/catdir/enhancements/fy0737/2007273817-b.html
942 _2lcc
_cBK
_h20
_iBEN
_kD